000 00503nam a22001697a 4500
005 20251108171837.0
008 250721s1982 xx 000 0 ara d
082 1 4 _a956.93/علي
100 1 _aعلي، زياد محمود
245 1 0 _aعداء اليهود للحركة الإسلامية :
_bدراسة وثائقية /
264 1 _aعمان :
_bدار الفرقان،
_c1982.
300 _a168ص
650 1 7 _aاليهود
650 1 7 _aالتاريخ
942 _2ddc
_cBK
999 _c64054
_d64054